000 00936nam a2200361 a 4500
003 AR-BaBNM
005 20251128204925.0
008 082120s2002 ||||||||||||||000 | spa||
020 _a980-01-0022-9
040 _cAR-BaBNM
245 0 0 _aIndustria cultural y sociedad de masas
250 _a1ยช ed.
260 _aCaracas
_bMonte Avila
_c1985
300 _a259 p.
490 0 _aLetra viva
600 1 4 _aMarcuse, Herbert
600 1 4 _aMac Luhan, Marshall
650 4 _aSOCIOLOGIA CULTURAL
650 4 _aMEDIO HUMANO
650 4 _aMEDIO SOCIAL
650 4 _aSOCIOLOGIA DE LA COMUNICACION
650 4 _aSOCIEDAD DE MASAS
650 4 _aCOMUNICACION DE MASAS
650 4 _aCULTURA DE MASAS
700 1 _aBell, Daniel
700 1 _aMacdonald, Dwight
700 1 _aShils, Edward
700 1 _aHorkheimer, Max
700 1 _aAdorno, Theodor W.
700 1 _aLazarsfeld, Paul F.
942 _cBK
998 _cEnrique
999 _c9348
_d9348